Saluvankuppam excavations 2005-07 / (Record no. 96777)
[ view plain ]
| 000 -LEADER | |
|---|---|
| fixed length control field | 00869nam a22002297a 4500 |
| 005 - DATE AND TIME OF LATEST TRANSACTION | |
| control field | 20151020104627.0 |
| 010 ## - LCCN (DPL NO) | |
| LC control number | ENG-114013 |
| 020 ## - INTERNATIONAL STANDARD BOOK NUMBER | |
| Terms of availability | 350.00 |
| International Standard Book Number | 9789350864890 |
| 035 ## - SYSTEM CONTROL NUMBER | |
| System control number | EN-97545 |
| 037 ## - SOURCE OF ACQUISITION | |
| Source of stock number/acquisition | DBAD/PUB |
| 082 ## - DEWEY DECIMAL CLASSIFICATION NUMBER | |
| Classification number | 934.3 |
| 100 ## - MAIN ENTRY--PERSONAL NAME | |
| Personal name | Badhreenath, Sathyabhama |
| 245 ## - TITLE STATEMENT | |
| Title | Saluvankuppam excavations 2005-07 / |
| Statement of responsibility, etc | by Sathyabhama Badhreenath |
| 260 ## - PUBLICATION, DISTRIBUTION, ETC. (IMPRINT) | |
| Place of publication, distribution, etc | New Delhi |
| Name of publisher, distributor, etc | Archaeological Survey of India |
| Date of publication, distribution, etc | 2015 |
| 270 ## - ADDRESS | |
| Address | Janpath |
| City | New Delhi |
| Postal code | 110001 |
| 300 ## - PHYSICAL DESCRIPTION | |
| Extent | xvi,168p.: |
| Dimensions | 28cm(Hb) |
| Other physical details | ill.,maps (1 folded and black and white, and colour) |
| 490 ## - SERIES STATEMENT | |
| Series statement | Memoirs of the Archaeological Survey of India ; no. 107 |
| 500 ## - GENERAL NOTE | |
| General note | Includes bibliographical references (pages 167-168). |
| 650 ## - SUBJECT ADDED ENTRY--TOPICAL TERM | |
| Topical term or geographic name as entry element | Excavations (Archaeology) |
| Geographic subdivision | India |
| -- | Saluvankuppam. |
| 710 ## - ADDED ENTRY--CORPORATE NAME | |
| Corporate name or jurisdiction name as entry element | Archæological Survey of India, |
| Relator term | issuing body. |
| 942 ## - ADDED ENTRY ELEMENTS (KOHA) | |
| Source of classification or shelving scheme | Dewey Decimal Classification |
| Item type | English Books |
| Call number suffix | BAD |
| Classification part | 934.3 |
| Withdrawn status | Lost status | Not for loan | Collection code | Home library | Current library | Date acquired | Source of acquisition | Cost, normal purchase price | Full call number | Barcode | Copy number | Cost, replacement price | Koha item type |
|---|---|---|---|---|---|---|---|---|---|---|---|---|---|
| Not For Loan | Non-fiction | D.B.Act.Division | D.B.Act.Division | 11/09/2015 | DBAD/PUB | 350.00 | 934.3 BAD | EN-97545 | 1 | 350.00 | English Books |
